000 00983nam a2200229 u 4500
001 000510038
003 AM-YeHGA
005 20250617134856.0
008 061122s1988 ||| r 000 0 rus d
040 _aAM-YeHGA
041 0 _arus
245 0 0 _aОкультуривание почв и применение удобрений в Карелии /
_cКарел. фил. АН СССР, Ин-т биологии; Науч. ред. В.М. Заварзин.
260 _aПетрозаводск :
_bКФАН СССР,
_c1988.
300 _a127 с. :
_bил.
504 _aБиблиогр. в конце ст.
653 0 _aПлодородие почвы - Карел. АССР
653 0 _aУдобрения - Карел. АССР
700 1 _aЗаварзин, В.М.
_eред.
_4edt
710 2 _aАкадемия наук СССР
_bКарельский филиал
710 2 _aИнститут биологии Карел. фил. АН СССР
090 _c190942
999 _c189474
_d189474